000 00638nam a22002057a 4500
003 0
005 20260117145913.0
008 260117b xxu||||| |||| 00| 0 eng d
020 _a978-0-698-11645-0
050 _aER
_bOn53 1998
082 _aER
_bOn53 1998
100 _aCarle, Eric
245 _a1, 2, 3 to the zoo :
_ba counting book
_cEric Carle
260 _aNew York, NY :
_bThe Putnam & Grosset Group,
_c1998.
300 _a32 unnumbered pages :
_bcolored illustrations ;
_c27 cm.
650 _aCounting
_vJuvenile fiction.
650 _aZoo animals
_vJuvenile fiction.
650 _aPicture books for children.
942 _2ddc
_cBK
999 _c368741
_d368741